000 00602nam a2200193Ia 4500
003 GCL
005 20240530110920.0
008 140319s1958 ii 000 0 eng d
040 _aGCL /
_cGCL
082 0 4 _a069.5/
_bM A
110 1 _aMinstry of Information and Broadcasting Government of India
245 1 0 _a ARCHAEOLOGY in India /
_cMinstry of Information and Broadcasting Government of India
260 _aDelhi :
_bMinstry of Information and Broadcasting ،
_c1958.
300 _a42P ;
_c19 cm.
650 0 _aARCHAEOLOGY
650 0 _aHISTORY, ANCIENT
651 0 _aINDIA
942 _2ddc
_cBK
999 _c66459
_d66459